000 00558nam a2200169 i 4500
001 93827
003 ES-MaACL
005 20250815060442.0
007 t|
008 050420s1921 sp ||||1| spa d
100 1 _aLópez Martínez, Celestino.
_973757
245 1 0 _aAlgunos documentos para la biografía de Argote de Molina /
_cReunidos por D. Celestino López Martínez.
260 _aSevilla :
_bImp. de Eulogio de las Heras,
_c1921.
600 1 4 _aArgote de Molina, Gonzalo,
_d1549-1596
_922705
852 _aES-MaACL
_j1619-F-4
999 _c93827
_d93827